000 00485nam a2200193Ia 4500
003 OSt
005 20250624100033.0
008 210210b1982 xxu||||| |||| 00| 0 eng d
040 _cAL
041 _aKannada
082 _aK894.2 PRAT
100 _aPRASANNA
_dಪ್ರಸನ್ನ
_9215790
245 _aTadrupi
_bತದ್ರೂಪಿ
260 _aBengaluru
_bPrintars Prakashana
_c1982
300 _a110
690 _aKannada Drama
_9215791
906 _a042306
942 _2ddc
_cBK
999 _c92109
_d92109